The World's 50 Largest Cities by Letter - W - Statistics

General Stats
  • This quiz has been taken 919 times
  • The average score is 14 of 50
Answers on the Map
Answers color-coded by a green-red scale on the quiz's map according to % correct below.
 
Answer Stats
# Population Country Urban Area % Correct
4 2,975,932 Poland Warsaw
96%
2 5,991,807 United States Washington, D.C.
96%
1 8,947,812 China Wuhan
90%
31 428,500 New Zealand Wellington
86%
10 910,240 Canada Winnipeg
86%
25 486,169 Namibia Windhoek
79%
8 947,522 Poland Wrocław
71%
21 558,717 United States Worcester
66%
50 227,849 United Kingdom Worcester
66%
18 584,092 United States Wichita
64%
3 5,698,072 China Wenzhou
49%
47 255,329 United States Wilmington
46%
11 872,475 Germany Wuppertal
46%
26 467,973 Canada Windsor
41%
46 263,840 China Weixian
37%
24 486,787 United States Winston-Salem
37%
42 313,745 Australia Wollongong
37%
44 285,335 Germany Würzburg
30%
22 538,254 China Wuzhou
28%
6 1,880,306 China Weifang
25%
5 2,230,798 China Wuhu
24%
7 1,425,456 Nigeria Warri
23%
13 768,910 China Wanzhou
21%
17 591,570 United States Waukegan
21%
37 362,883 United States Waterbury
19%
14 690,795 China Weihai
15%
30 444,986 United States Wilkes-Barre - Scranton
14%
9 925,671 India Warangal
13%
43 303,511 United States West Chester
13%
20 562,420 Japan Wakayama
12%
36 372,147 North Korea Wonsan
9%
12 770,111 Pakistan Wah - Taxila
7%
28 451,277 Sudan Wad Madani
6%
38 352,429 South Korea Wonju
5%
32 419,024 China Wuwei
5%
33 396,505 South Africa Witbank
4%
41 316,224 India Wardha
3%
27 458,366 China Weinan
3%
49 244,454 China Wenshan
3%
34 389,650 China Wu'an
3%
35 384,925 China Wafangdian
2%
45 274,935 China Wanning
2%
39 329,183 China Wendeng
2%
29 450,162 China Wuchuan
2%
23 493,396 China Wuzhong
2%
16 605,270 India Waidhan
1%
48 253,686 China Wuxue
1%
19 563,429 China Wuzhi
1%
15 623,920 China Wenshui - Jiaocheng
0%
40 318,882 China Wuhua
0%
No matching quizzes found
Score Distribution
Percent of People with Each Score
Percentile by Number Answered
Your Score History
You have not taken this quiz